000
00272nam a2200133Ia 4500
100
_a
Krasnov/M.L
942
_c
RB
654
_a
Analysis
245
_a
Vector analysis
260
_b
Mir Publishers
_a
Moscow
_c
1981
082
_a
515.6
300
_a
190
546
_a
ENGLISH
999
_c
22055
_d
22055